000 00560nam a2200193Ia 4500
005 20250326140516.0
008 250326s9999 xx 000 0 und d
020 _a0-07-016537-8
037 _aTextbook
040 _aFMSL
_beng
_cFMSL
041 _aeng
_2eng
084 _aX:89A M1
_qFMSL
100 _aDervitsiotis Kostas N
_9329875
245 0 _aOperations management
_cDervitsiotis Kostas N
260 _aNew Delhi
_bNew Delhi, McGraw Hill International
_c1981
300 _axiii,770
942 _cTB
_hX:89A M1
999 _c1286114
_d1286114